00313nam a2200121Ia 4500008004100000041000800041082001400049100001500063245004500078260002700123300003200150365000900182240624s9999 xx 000 0 und d aeng a658.8 HOR aHORRELL ED aKINDNESS REVOLUTION THE COMPANY WIDE CUL c2006aNew YorkbAmacom axxvi, : 198 : p. : cm. ; 23 cb30